500 Most Famous Cities in United States (incl. Territories) on a Map - Statistics

General Stats
  • This quiz has been taken 835 times
    371 since last reset
  • The average score is 230 of 546
Answers on the Map
Answers color-coded by a green-red scale on the quiz's map according to % correct below.
 
Answer Stats
Wiki Monthly Views Cityquiz Mention Rate Population State Answers % Correct
1311.93K 83.76% 8258.03K NY New York City
95%
754.45K 79.26% 3820.91K CA Los Angeles
92%
286.22K 74.32% 455.92K FL Miami
92%
462.95K 72.32% 808.99K CA San Francisco
92%
332.75K 71.70% 755.08K WA Seattle
91%
492.27K 74.62% 2664.45K IL Chicago
90%
177.54K 70.95% 1302.87K TX Dallas
90%
152.20K 58.62% 341.78K HI Honolulu
90%
239.48K 71.14% 2314.16K TX Houston
90%
331.57K 72.28% 660.93K NV Las Vegas
90%
13.80K 9.10% 12.90K NM Las Vegas
90%
687.93K 66.75% 678.97K DC Washington
89%
315.46K 63.40% 1550.54K PA Philadelphia
88%
169.82K 64.67% 1650.07K AZ Phoenix
88%
333.59K 69.80% 653.83K MA Boston
87%
282.04K 65.73% 633.22K MI Detroit
87%
261.65K 64.17% 364.14K LA New Orleans
87%
145.21K 61.31% 209.59K UT Salt Lake City
87%
199.11K 65.68% 1388.32K CA San Diego
87%
125.58K 50.85% 286.07K AK Anchorage
86%
295.16K 66.57% 510.82K GA Atlanta
86%
161.32K 64.32% 979.88K TX Austin
86%
189.59K 65.06% 716.58K CO Denver
86%
132.89K 57.62% 320.74K FL Orlando
86%
183.66K 65.45% 630.50K OR Portland
86%
57.13K 31.61% 69.10K ME Portland
86%
135.34K 58.20% 510.70K MO Kansas City
85%
38.65K 22.20% 152.93K KS Kansas City
85%
46.30K 43.95% 143.71K MS Jackson
84%
19.06K 12.82% 10.64K WY Jackson
84%
155.07K 54.82% 425.12K MN Minneapolis
84%
164.88K 55.45% 687.79K TN Nashville
84%
75.74K 54.75% 702.77K OK Oklahoma City
84%
116.54K 55.25% 1495.30K TX San Antonio
84%
112.91K 54.85% 879.29K IN Indianapolis
83%
162.92K 49.39% 303.25K PA Pittsburgh
83%
150.40K 46.69% 560.27K NM Albuquerque
82%
193.31K 49.30% 565.24K MD Baltimore
82%
134.54K 45.14% 911.31K NC Charlotte
82%
137.32K 49.55% 362.66K OH Cleveland
82%
109.06K 49.56% 913.17K OH Columbus
82%
20.21K 12.57% 201.88K GA Columbus
82%
10.52K 7.48% 51.52K IN Columbus
82%
123.54K 45.88% 618.64K TN Memphis
82%
128.70K 46.06% 969.65K CA San Jose
82%
100.59K 50.05% 403.36K FL Tampa
82%
111.23K 48.08% 274.68K NY Buffalo
81%
135.06K 42.10% 311.10K OH Cincinnati
81%
109.37K 52.30% 985.84K FL Jacksonville
81%
131.82K 56.24% 526.38K CA Sacramento
81%
172.82K 49.64% 281.75K MO St. Louis
81%
97.49K 49.16% 678.96K TX El Paso
80%
70.15K 40.18% 31.55K AK Juneau
80%
66.75K 48.83% 235.42K ID Boise
79%
60.49K 43.63% 978.47K TX Fort Worth
79%
151.63K 45.11% 561.38K WI Milwaukee
79%
38.30K 27.52% 112.54K IL Springfield
78%
34.36K 18.13% 153.67K MA Springfield
78%
27.60K 43.32% 170.19K MO Springfield
78%
9.18K 10.38% 58.08K OH Springfield
78%
8.04K 11.18% 61.09K OR Springfield
78%
72.99K 49.00% 101.23K NY Albany
77%
11.78K 8.60% 66.88K GA Albany
77%
66.68K 38.96% 196.64K AL Birmingham
77%
88.60K 41.93% 155.37K SC Charleston
77%
30.07K 23.76% 46.84K WV Charleston
77%
57.46K 44.32% 202.22K FL Tallahassee
77%
76.66K 41.63% 482.30K NC Raleigh
76%
63.21K 23.43% 25.10K FL Key West
75%
52.78K 43.63% 203.84K AR Little Rock
75%
87.96K 41.51% 622.98K KY Louisville
75%
87.60K 37.93% 483.33K NE Omaha
75%
65.07K 43.52% 274.92K NV Reno
75%
80.90K 43.58% 229.25K VA Richmond
75%
13.75K 9.69% 114.11K CA Richmond
75%
80.33K 36.73% 547.24K AZ Tucson
75%
76.83K 39.15% 89.17K NM Santa Fe
74%
73.25K 33.03% 411.89K OK Tulsa
74%
70.25K 42.11% 219.57K LA Baton Rouge
73%
64.59K 33.59% 488.66K CO Colorado Springs
73%
53.16K 30.46% 545.72K CA Fresno
73%
82.17K 33.47% 304.96K NJ Newark
73%
9.21K 6.73% 30.17K DE Newark
73%
110.70K 41.66% 436.50K CA Oakland
73%
51.91K 40.07% 303.82K MN Saint Paul
73%
32.75K 12.21% 252.97K NC Winston-Salem
73%
69.74K 38.97% 210.38K IA Des Moines
72%
35.31K 40.91% 294.76K NE Lincoln
72%
55.61K 37.79% 280.31K WI Madison
72%
72.40K 24.88% 322.85K PR San Juan
72%
71.90K 14.47% 44.74K MA Salem
71%
34.08K 35.86% 177.43K OR Salem
71%
74.42K 31.25% 147.75K GA Savannah
71%
51.27K 23.87% 31.86K AK Fairbanks
70%
70.82K 39.94% 190.79K RI Providence
70%
45.55K 32.53% 195.29K AL Montgomery
69%
45.87K 25.64% 453.65K VA Virginia Beach
69%
31.33K 28.99% 200.88K GA Augusta
66%
19.39K 21.89% 19.10K ME Augusta
66%
27.76K 33.35% 75.09K ND Bismarck
66%
55.20K 35.40% 65.17K WY Cheyenne
66%
44.77K 27.57% 133.19K ND Fargo
66%
45.76K 30.97% 182.59K AL Mobile
66%
56.38K 27.16% 396.12K KS Wichita
66%
44.89K 32.31% 142.42K SC Columbia
65%
16.80K 10.95% 129.33K MO Columbia
65%
39.55K 26.54% 50.01K PA Harrisburg
65%
58.26K 30.50% 207.27K NY Rochester
65%
18.41K 10.41% 122.41K MN Rochester
65%
36.84K 27.59% 265.30K OH Toledo
65%
58.97K 27.56% 340.51K CA Anaheim
64%
52.57K 14.47% 248.70K VA Arlington
64%
35.21K 26.12% 398.43K TX Arlington
64%
15.22K 6.91% 91.14K CA Carson
64%
46.19K 25.47% 316.60K TX Corpus Christi
64%
54.60K 33.14% 119.67K CT Hartford
64%
48.92K 25.43% 198.16K TN Knoxville
64%
42.16K 28.31% 320.15K KY Lexington
64%
9.66K 7.54% 33.88K MA Lexington
64%
39.91K 26.38% 206.41K SD Sioux Falls
64%
69.68K 25.42% 229.45K WA Spokane
64%
54.35K 27.55% 145.56K NY Syracuse
64%
16.53K 18.74% 44.63K NH Concord
63%
15.04K - 17.67K MA Concord
63%
13.60K 24.45% 122.31K CA Concord
63%
37.19K 32.74% 34.46K MT Helena
63%
70.74K 27.38% 449.47K CA Long Beach
63%
38.04K 19.49% 135.51K OH Dayton
62%
48.10K 33.15% 105.74K WI Green Bay
62%
43.20K 26.92% 291.66K NJ Jersey City
62%
29.72K 30.92% 55.73K WA Olympia
62%
51.80K 24.50% 263.55K FL St. Petersburg
62%
27.60K 55.82% 125.47K KS Topeka
62%
31.00K 28.61% 89.62K NJ Trenton
62%
47.18K 19.59% 188.70K OH Akron
61%
46.83K 24.52% 413.38K CA Bakersfield
61%
18.92K 31.22% 39.89K DE Dover
61%
44.33K 24.37% 196.61K MI Grand Rapids
61%
32.09K 29.78% 112.11K MI Lansing
61%
16.08K 25.26% 13.88K SD Pierre
61%
39.45K 23.37% 120.86K MT Billings
60%
25.35K 22.77% 92.96K PA Erie
60%
68.34K 24.18% 184.25K FL Fort Lauderdale
60%
63.74K 22.44% 86.50K CA Santa Barbara
60%
42.21K 14.25% 71.67K DE Wilmington
60%
41.04K 22.10% 122.70K NC Wilmington
60%
34.34K 32.09% 58.04K NV Carson City
59%
32.34K 17.93% 302.30K NC Greensboro
59%
21.31K 20.54% 511.65K AZ Mesa
59%
25.27K 25.74% 7.99K VT Montpelier
59%
34.64K 22.07% 202.41K TX Amarillo
58%
37.57K 26.24% 40.55K MD Annapolis
58%
64.91K 24.19% 38.46K NJ Atlantic City
58%
19.32K 18.75% 395.05K CO Aurora
58%
14.22K 8.61% 177.56K IL Aurora
58%
19.70K 20.68% 42.55K MO Jefferson City
58%
6.28K 10.50% 284.77K NV North Las Vegas
58%
32.13K 22.33% 296.19K NC Durham
57%
54.98K 22.34% 135.32K CT New Haven
57%
42.85K 24.75% 222.91K WA Tacoma
57%
46.41K 18.85% 187.03K TN Chattanooga
56%
27.03K 16.34% 269.99K IN Fort Wayne
56%
17.17K - 5.39K MA Manchester-by-the-Sea
56%
40.62K 21.30% 230.93K VA Norfolk
56%
44.93K 26.62% 105.90K CO Boulder
55%
26.23K 16.44% 121.47K LA Lafayette
55%
14.87K 5.58% 71.22K IN Lafayette
55%
35.55K 18.33% 318.86K CA Riverside
55%
39.76K 16.14% 223.73K CA San Bernardino
55%
28.52K 21.06% 196.44K WA Vancouver
55%
30.39K 13.99% 24.72K RI Newport
54%
40.49K 15.98% 207.66K NY Yonkers
54%
39.67K 19.38% 87.68K MN Duluth
53%
18.74K 21.53% 28.29K KY Frankfort
53%
53.15K 21.51% 67.65K IN Gary
53%
28.54K 16.39% 177.96K LA Shreveport
53%
26.86K 23.80% 128.63K GA Athens
52%
41.83K 24.01% 177.90K OR Eugene
52%
19.41K 10.75% 47.60K NY Niagara Falls
52%
21.44K 18.44% 113.34K UT Provo
52%
45.27K 22.00% 119.38K MI Ann Arbor
51%
23.40K 14.94% 209.75K NC Fayetteville
51%
16.59K 8.28% 101.68K AR Fayetteville
51%
23.49K 14.17% 337.31K NV Henderson
51%
22.00K 20.56% 153.86K FL Hollywood
51%
25.05K 14.20% 310.54K CA Santa Ana
51%
58.52K 21.72% 75.81K PA Scranton
51%
39.95K 19.64% 76.59K AZ Flagstaff
50%
39.69K 16.45% 225.56K AL Huntsville
50%
68.56K 9.86% 133.56K CA Pasadena
50%
23.53K 15.08% 190.16K TX Brownsville
49%
42.96K 16.65% 44.53K VT Burlington
49%
100.71K 20.54% 118.21K MA Cambridge
49%
26.40K 12.84% 257.60K TX Laredo
49%
34.44K 19.99% 266.88K TX Lubbock
49%
84.06K 20.99% 89.92K CA Santa Monica
49%
14.51K 15.49% 85.73K IA Sioux City
49%
36.32K 15.16% 319.54K CA Stockton
49%
56.07K 17.73% 144.82K TX Waco
49%
29.72K 12.69% 148.03K CT Bridgeport
48%
23.91K 16.25% 135.96K IA Cedar Rapids
48%
29.48K 14.41% 82.48K FL Daytona Beach
48%
48.39K 21.03% 79.66K MI Flint
48%
33.82K 16.61% 53.24K TX Galveston
48%
22.68K 13.26% 44.50K HI Hilo
48%
46.49K 15.93% 314.62K CA Irvine
48%
20.59K 8.07% 146.59K TX McAllen
48%
40.67K 16.33% 244.39K AZ Scottsdale
48%
32.07K 14.77% 207.62K MA Worcester
48%
30.25K 16.25% 103.39K IN South Bend
46%
21.90K 14.16% 111.34K AL Tuscaloosa
46%
28.70K 12.52% 124.88K PA Allentown
45%
41.78K 16.40% 53.72K FL Pensacola
45%
48.65K 13.00% 95.06K NC Asheville
44%
23.57K 15.49% 31.63K ME Bangor
44%
31.89K 13.29% 145.81K FL Gainesville
44%
38.42K 7.37% 187.05K CA Glendale
44%
18.12K 14.68% 253.85K AZ Glendale
44%
27.33K 13.66% 156.51K GA Macon
44%
37.81K 14.19% 39.70K SC Myrtle Beach
44%
32.91K 13.72% 3.64K AK Nome
44%
34.26K 18.80% 155.23K VA Alexandria
43%
40.74K 12.57% 131.06K CA Santa Clara
43%
51.88K 12.17% 4.69K AK Utqiagvik
43%
44.92K 12.38% 6.61K CO Aspen
42%
45.09K 14.97% 118.96K CA Berkeley
42%
34.18K 7.97% 72.82K SC Greenville
42%
15.88K 14.32% 90.05K NC Greenville
42%
16.98K 10.41% 45.33K WV Huntington
42%
25.17K 10.71% 192.13K CA Huntington Beach
42%
57.47K 6.16% 10.17K MA Nantucket
42%
26.09K 10.76% 104.58K UT St. George
42%
17.99K 13.80% 58.72K WY Casper
41%
14.08K 9.98% 253.89K VA Chesapeake
41%
17.99K 18.25% 75.68K IA Iowa City
41%
22.89K 10.55% 114.89K NM Las Cruces
41%
24.37K 9.09% 110.46K IL Peoria
41%
6.34K 11.40% 198.75K AZ Peoria
41%
27.50K 12.57% 290.19K TX Plano
41%
31.74K 15.00% 104.56K OR Bend
40%
81.12K 13.61% 10.28K CA Malibu
40%
10.88K 14.20% 53.68K KS Manhattan
40%
32.27K 14.05% 77.76K MT Missoula
40%
19.89K 11.42% 183.12K VA Newport News
40%
12.30K 17.13% 138.34K CA Orange
40%
16.23K 10.74% 35.74K TX Texarkana
40%
23.70K 10.77% 100.86K AZ Yuma
40%
19.97K 11.12% 48.23K MS Biloxi
39%
15.77K 8.98% 274.33K CA Chula Vista
39%
16.28K 9.85% 100.35K IA Davenport
39%
15.14K 12.01% 68.00K ID Idaho Falls
39%
16.66K 10.17% 87.27K UT Ogden
39%
65.54K 15.47% 45.22K CA Palm Springs
39%
26.91K 9.62% 224.03K CA Santa Clarita
39%
106.20K 11.98% 30.97K CA Beverly Hills
38%
33.59K 11.04% 57.30K MT Bozeman
38%
29.62K 10.08% 218.91K CA Modesto
38%
23.11K 12.42% 115.74K TX Odessa
38%
28.80K 14.65% 97.17K VA Roanoke
38%
21.89K 8.06% 59.11K OH Youngstown
38%
19.40K 6.97% 78.84K IN Bloomington
37%
8.95K 10.40% 87.40K MN Bloomington
37%
40.60K 16.76% 44.98K VA Charlottesville
37%
23.13K 15.49% 25.73K CA Eureka
37%
19.31K 9.88% 115.33K IN Evansville
37%
19.30K 11.05% 138.40K TX Midland
37%
46.72K 10.71% 29.12K CA Monterey
37%
19.95K 9.33% 198.49K CA Oxnard
37%
22.07K 12.01% 79.40K SD Rapid City
37%
34.31K 13.94% 61.50K CA Santa Cruz
37%
21.04K 12.35% 189.83K AZ Tempe
37%
19.18K 13.90% 63.61K NY Utica
37%
30.75K 5.76% 56.89K ID Coeur d'Alene
36%
22.46K 10.08% 125.19K TX College Station
36%
25.86K 13.16% 170.38K CO Fort Collins
36%
30.28K 9.83% 97.37K FL Fort Myers
36%
15.11K 11.13% 137.10K VA Hampton
36%
15.71K 8.53% 254.37K TX Irving
36%
32.34K 11.17% 32.72K NY Ithaca
36%
23.88K 7.46% 57.15K PA Lancaster
36%
16.93K 13.33% 166.24K CA Lancaster
36%
16.85K 12.34% 35.66K FL Panama City
36%
30.18K 7.73% 47.11K NM Roswell
36%
7.79K 9.60% 91.71K GA Roswell
36%
28.87K 11.20% 124.13K FL West Palm Beach
36%
18.39K 6.30% 224.46K FL Cape Coral
35%
13.62K 9.22% 280.17K AZ Chandler
35%
24.60K 9.98% 73.13K MI Kalamazoo
35%
25.07K 11.89% 98.21K WI Kenosha
35%
41.19K 12.28% 79.61K FL Miami Beach
35%
24.56K 10.40% 175.84K CA Santa Rosa
35%
19.86K 8.23% 129.04K TX Abilene
34%
30.34K 10.17% 151.57K WA Bellevue
34%
53.36K 11.20% 102.75K CA Burbank
34%
11.93K 7.58% 70.54K WI Eau Claire
34%
17.57K 10.09% 8.47K PA Gettysburg
34%
17.43K 4.88% 5.35K AK Kodiak
34%
21.98K 7.71% 7.67K MA Plymouth
34%
15.22K 6.06% 22.73K NH Portsmouth
34%
31.12K 11.71% 136.23K CT Stamford
34%
17.66K 7.88% 96.75K WA Yakima
34%
16.27K 9.46% 76.21K KY Bowling Green
33%
98.99K 14.00% 90.99K CA Compton
33%
24.33K 10.44% 226.21K CA Fremont
33%
18.36K 9.61% 69.41K CO Grand Junction
33%
16.45K 7.06% 221.30K FL Hialeah
33%
14.72K 7.67% 150.49K IL Joliet
33%
15.17K 9.51% 30.43K WV Morgantown
33%
20.20K 11.11% 146.12K IL Rockford
33%
18.57K 8.10% 102.69K TX Wichita Falls
33%
14.12K 16.76% 44.87K PA York
33%
17.32K 8.15% 112.19K TX Beaumont
32%
18.66K 10.01% 35.70K MT Butte
32%
15.98K 9.31% 62.04K NC Chapel Hill
32%
17.21K 9.49% 150.25K IL Naperville
32%
33.86K 13.08% 19.70K FL Naples
32%
13.42K 9.79% 130.05K OK Norman
32%
91.12K 11.82% 65.88K CA Palo Alto
32%
16.61K 6.29% 245.02K FL Port St. Lucie
32%
16.79K 12.51% 111.08K CO Pueblo
32%
21.59K 14.04% 92.73K CA Redding
32%
33.93K 8.71% 57.60K FL Sarasota
32%
27.65K 10.05% 71.10K NJ Camden
31%
10.86K 6.19% 102.30K IN Carmel
31%
39.06K 3.42% 3.10K CA Carmel-by-the-Sea
31%
25.97K 10.71% 116.85K FL Clearwater
31%
30.86K 6.29% 105.81K MI Dearborn
31%
15.04K 9.48% 135.83K NJ Elizabeth
31%
23.69K 8.68% 75.07K IL Evanston
31%
13.34K 5.97% 89.77K AR Fort Smith
31%
11.15K 6.99% 275.41K AZ Gilbert
31%
8.17K 9.26% 133.38K WA Kent
31%
19.72K 8.07% 32.15K WY Laramie
31%
16.65K 8.69% 96.21K KS Lawrence
31%
13.85K 7.56% 21.08K MI Marquette
31%
14.04K 5.86% 165.43K TN Murfreesboro
31%
12.86K 9.57% 77.49K CA Napa
31%
15.14K 7.03% 197.09K KS Overland Park
31%
36.70K 12.19% 9.26K FL Palm Beach
31%
31.34K 12.82% 193.70K NV Paradise
31%
18.90K 3.91% 8.29K CA Paradise
31%
21.83K 8.58% 110.33K TX Tyler
31%
15.29K 9.47% 69.20K OH Canton
30%
13.84K 5.98% 180.72K TN Clarksville
30%
12.00K 7.84% 58.92K ND Grand Forks
30%
17.89K 8.16% 86.96K FL Melbourne
30%
14.91K 7.31% 91.00K NH Nashua
30%
21.02K 8.25% 94.90K PA Reading
30%
12.05K 10.61% 109.99K CA Santa Maria
30%
38.08K 4.51% 8.28K AK Sitka
30%
16.78K 6.92% 33.34K WA Walla Walla
30%
16.42K 8.73% 89.19K IL Champaign
29%
15.20K 7.04% 17.64K IL East St. Louis
29%
18.04K 9.70% 111.18K WA Everett
29%
20.12K 7.45% 225.01K TX Frisco
29%
15.65K 8.61% 170.02K CA Oceanside
29%
26.02K 6.59% 31.77K NY Poughkeepsie
29%
22.02K 7.38% 159.51K CA Salinas
29%
55.56K 8.78% 15.60K FL St. Augustine
29%
13.85K 8.14% 71.01K MN St. Cloud
29%
18.09K 6.05% 180.01K NC Cary
28%
17.91K 6.49% 114.30K MA Lowell
28%
18.29K 14.14% 26.39K ID Moscow
28%
13.39K 25.16% 24.97K TX Paris
28%
23.09K 5.11% 156.45K NJ Paterson
28%
16.70K 6.82% 15.71K MI Traverse City
28%
14.17K 6.57% 65.69K IA Ames
27%
13.41K 6.92% 74.72K WI Appleton
27%
18.54K 6.43% 46.73K NY Binghamton
27%
14.93K 7.82% 158.35K TX Denton
27%
18.10K 14.30% 182.46K CA Ontario
27%
13.04K 6.22% 66.18K WI Oshkosh
27%
33.15K 5.63% 30.29K NJ Princeton
27%
18.36K 5.81% 43.19K MI Saginaw
27%
17.67K 6.86% 40.69K PA State College
27%
17.57K 7.71% 109.06K CA Ventura
27%
23.00K 8.74% 15.85K VA Williamsburg
27%
20.94K 3.96% 17.01K WA Aberdeen
26%
6.79K 7.38% 28.11K SD Aberdeen
26%
20.35K 7.27% 94.72K WA Bellingham
26%
30.51K 7.55% 57.01K NJ Hoboken
26%
11.27K 7.50% 120.92K MO Independence
26%
39.65K 7.33% 102.86K CA Inglewood
26%
15.47K 6.34% 79.63K LA Lake Charles
26%
20.29K 5.98% 79.53K VA Lynchburg
26%
15.43K 8.23% 85.10K OR Medford
26%
20.33K 4.69% 83.74K NY New Rochelle
26%
14.25K 6.49% 58.06K ID Pocatello
26%
15.55K 7.12% 101.60K MA Quincy
26%
21.99K 5.43% 68.54K NY Schenectady
26%
25.90K 6.78% 123.46K CA Thousand Oaks
26%
24.99K 4.60% 37.67K MS Tupelo
26%
10.47K 6.40% 54.94K ID Twin Falls
26%
15.80K 6.19% 44.25K PA Wilkes-Barre
26%
18.00K 4.20% 59.47K AR Bentonville
25%
12.30K 5.88% 45.48K VA Blacksburg
25%
54.61K 7.35% 99.97K FL Boca Raton
25%
18.85K 8.80% 113.50K CA Carlsbad
25%
18.66K 6.56% 101.30K CA Chico
25%
16.57K 7.23% 60.42K MT Great Falls
25%
13.54K 6.20% 53.09K MO Joplin
25%
14.53K 6.62% 81.27K FL Kissimmee
25%
18.75K 5.98% 122.26K FL Lakeland
25%
7.89K 6.05% 155.96K CO Lakewood
25%
15.42K 5.02% 47.37K ND Minot
25%
8.60K 7.29% 31.65K NY Rome
25%
28.34K 8.46% 49.24K CA San Luis Obispo
25%
14.50K 5.43% 96.94K OR Beaverton
24%
24.13K 5.56% 27.51K KS Dodge City
24%
20.04K 9.87% 88.56K TN Franklin
24%
16.49K 8.67% 13.70K PA Hershey
24%
21.05K 2.59% 38.10K SC Hilton Head Island
24%
14.45K 6.15% 37.99K AR Hot Springs
24%
9.04K 5.53% 55.25K UT Logan
24%
18.10K 6.30% 161.40K CA Palmdale
24%
18.89K 6.57% 78.30K PA Bethlehem
23%
11.60K 5.90% 99.83K CA Daly City
23%
15.98K 4.69% 38.40K ME Lewiston
23%
28.22K 5.20% 4.32K NY Montauk
23%
13.11K 5.80% 130.41K TX Round Rock
23%
28.02K 7.05% 101.33K CA San Mateo
23%
14.88K 5.27% 39.04K SC Spartanburg
23%
15.79K 4.16% 4.52K CO Vail
23%
25.04K 5.38% 9.99K OR Astoria
22%
48.70K 6.13% 57.28K CA Cupertino
22%
17.48K 3.75% 8.08K AK Ketchikan
22%
19.19K 5.43% 174.41K CA Rancho Cucamonga
22%
9.59K 5.52% 24.24K OH Sandusky
22%
15.45K 5.50% 108.52K TX Sugar Land
22%
18.15K 3.08% 4.21K AK Unalaska
22%
16.07K 4.94% 145.00K CA Visalia
22%
23.86K 5.94% 61.29K NY White Plains
22%
32.49K 6.84% 70.40K MD Bethesda
21%
9.46K 6.02% 68.67K IL Decatur
21%
24.20K 5.54% 14.19K FL Destin
21%
13.98K 6.01% 28.93K VA Fredericksburg
21%
17.56K 4.69% 71.17K NY Mount Vernon
21%
20.53K 4.60% 68.43K FL Ocala
21%
21.22K 4.11% 47.76K AZ Prescott
21%
39.62K 5.96% 9.82K AZ Sedona
21%
17.65K 4.82% 70.63K MO St. Joseph
21%
18.74K 4.28% 58.50K IN Terre Haute
21%
22.46K 5.49% 139.22K CA Torrance
21%
18.86K 6.04% 122.81K CA Vallejo
21%
9.06K 7.17% 33.59K PA Chester
20%
16.25K 2.51% 13.41K AR Harrison
20%
18.60K 5.25% 155.68K CA Hayward
20%
92.11K - 48.22K MP Saipan
20%
20.51K 4.26% 6.43K NM Taos
20%
18.25K 5.43% 12.90K MO Branson
19%
13.07K 5.02% 10.24K WY Cody
19%
8.86K 5.95% 48.92K OH Dublin
19%
15.08K 6.94% 25.14K VA Fairfax
19%
15.17K 4.18% 202.13K TX Grand Prairie
19%
20.90K 6.10% 61.29K FL Jupiter
19%
23.10K 7.05% 5.22K UT Moab
19%
11.73K 2.80% 107.95K PR Ponce
19%
19.60K 4.48% 81.00K CA Redwood City
19%
13.98K 6.37% 1.56K IL Cairo
18%
17.20K 6.86% 160.24K CA Corona
18%
15.19K 2.75% 29.89K MT Kalispell
18%
27.37K 3.63% 2.27K NY Lake Placid
18%
18.62K 6.04% 55.85K NJ New Brunswick
18%
32.25K 5.38% 82.64K CA Newport Beach
18%
16.63K 2.67% 60.14K KY Owensboro
18%
16.74K 4.63% 3.00K AS Pago Pago
18%
17.81K 4.13% 3.32K MA Provincetown
18%
25.79K 5.85% 151.97K CA Sunnyvale
18%
22.95K 5.43% 6.00K NM Truth or Consequences
18%
16.20K 5.69% 19.53K CO Durango
17%
18.21K 4.50% 3.70K TN Gatlinburg
17%
25.61K 6.14% 13.84K CT Greenwich
17%
25.13K 2.37% 0.27K WV Harpers Ferry
17%
15.18K 3.71% 51.95K CA Palm Desert
17%
17.07K 5.96% 145.50K CA Pomona
17%
19.15K 4.68% 125.11K CA Simi Valley
17%
16.24K 8.37% 23.50K CA Stanford
17%
25.40K 5.49% 110.68K CA Temecula
17%
17.57K 4.14% 121.10K TX The Woodlands
17%
23.07K 3.81% 34.35K CA West Hollywood
17%
16.73K 3.32% 93.06K CA Indio
16%
19.01K 5.12% 62.77K GA Marietta
16%
72.11K 6.34% 81.78K CA Mountain View
16%
17.56K 3.57% 84.10K MD Silver Spring
16%
17.04K 3.37% 57.08K FL Bradenton
15%
54.03K 4.23% 22.23K CA Calabasas
15%
36.10K 4.17% 13.60K NM Los Alamos
15%
16.43K 6.41% 88.42K MA Newton
15%
15.72K 3.11% 113.62K FL Pompano Beach
15%
24.41K 6.33% 80.28K WA Redmond
15%
18.66K 4.53% 3.42K WA Forks
14%
15.97K 1.32% 65.34K OH Lorain
14%
15.74K 2.67% 33.37K CA Manhattan Beach
14%
20.02K 3.63% 8.25K UT Park City
14%
9.30K 9.33% 18.09K NY Amsterdam
13%
22.64K 3.45% 6.23K MA Foxborough
13%
13.70K 3.67% 0.94K GU Hagåtña
13%
15.70K 3.63% 26.22K PA King of Prussia
13%
30.67K 2.26% 88.10K FL The Villages
13%
26.75K 1.23% 0.26K AK Whittier
13%
26.86K 3.24% 39.04K CA Culver City
12%
15.15K 4.00% 26.36K TX Katy
12%
18.49K 3.29% 22.33K CA Laguna Beach
12%
16.74K 2.30% 47.70K MD Potomac
12%
18.45K 2.44% 7.02K CA Sausalito
12%
16.19K 3.23% 2.52K CO Telluride
12%
17.38K 2.92% 52.05K IL Oak Park
11%
21.56K 2.11% 1.19K WA Point Roberts
11%
19.51K 2.88% 62.96K MA Brookline
10%
37.08K 3.15% 8.19K VI Charlotte Amalie
10%
32.39K 2.14% 1.34K SD Deadwood
10%
29.99K 2.42% 32.22K CA Los Gatos
10%
15.38K 0.91% 5.61K PA Punxsutawney
10%
34.01K 2.34% 1.31K AZ Tombstone
10%
7.20K 3.90% 138.30K PR Carolina
9%
84.97K 1.19% 0.01K PA Centralia
9%
27.77K 1.83% 0.58K VA Quantico
9%
118.88K 1.73% 41.33K CA San Bruno
9%
8.71K 1.03% 165.37K PR Bayamón
8%
16.00K 5.46% 13.80K CA California City
8%
16.13K 2.26% 10.42K NJ East Rutherford
8%
17.02K 1.90% 83.36K CA Hawthorne
8%
22.27K 0.98% 16.98K MS Laurel
8%
16.28K 1.90% 1.67K TX Marfa
8%
78.13K 2.25% 31.69K CA Menlo Park
8%
17.36K - 1.05K RI New Shoreham
8%
20.43K 1.95% 33.40K TN Oak Ridge
8%
15.14K 1.93% 96.55K FL Plantation
8%
18.11K 1.38% 87.33K FL Deerfield Beach
7%
15.56K 2.10% 5.82K CO Estes Park
7%
23.62K 1.03% 0.78K NY Fire Island
7%
23.13K 1.54% 7.47K CA Ojai
7%
22.78K 1.21% 10.96K NY Sleepy Hollow
7%
22.32K 1.24% 5.97K CA Solvang
7%
26.80K 1.16% 9.58K NY Amityville
6%
15.82K 1.27% 0.08K AK Diomede
6%
17.91K 0.84% 11.37K CA Marina del Rey
6%
16.64K 1.06% 6.33K FL Sanibel
6%
21.53K 1.29% 11.18K FL Celebration
5%
24.69K 0.64% 1.69K CA Hidden Hills
5%
21.58K 1.77% 0.00K NE Monowi
5%
22.67K 0.68% 8.64K CA Montecito
5%
15.45K 0.62% 19.47K CA Agoura Hills
4%
26.98K 0.63% 4.86K CA Indian Wells
4%
15.84K 0.96% 8.56K CA Topanga
3%
18.26K - 5.08K NY Pound Ridge
1%
No matching quizzes found
Score Distribution
Percent of People with Each Score
Percentile by Number Answered
Your Score History
You have not taken this quiz since the last reset